Városi gazdálkodás
Elmentve itt :
| Dokumentumtípus: | Cikk |
|---|---|
| Megjelent: |
1913-09-19
|
| Sorozat: | Délmagyarország
4 No. 218 |
| Kulcsszavak: | Közigazgatás Szeged 1913 |
| Online Access: | http://dmarchiv.bibl.u-szeged.hu/42817 |
| LEADER | 00404nab a2200145 i 4500 | ||
|---|---|---|---|
| 001 | delm42817 | ||
| 005 | 20180928090452.0 | ||
| 008 | 180927s1913 hu o 0|| hun d | ||
| 040 | |a SZTE Délmagyarország Archívum |b hun | ||
| 041 | |a hun | ||
| 245 | 0 | 0 | |a Városi gazdálkodás |h [elektronikus dokumentum] |
| 260 | |c 1913-09-19 | ||
| 300 | |a 1-2 | ||
| 490 | 0 | |a Délmagyarország |v 4 No. 218 | |
| 695 | |a Közigazgatás Szeged 1913 | ||